Normal view MARC view
  • Bahm, L. B

Entry Personal Name

Number of records used in: 1

001 - CONTROL NUMBER

  • control field: 39376

003 - CONTROL NUMBER IDENTIFIER

  • control field: NUST

005 - DATE AND TIME OF LATEST TRANSACTION

  • control field: 20210314131424.0

008 - FIXED-LENGTH DATA ELEMENTS

  • fixed length control field: 210314|| aca||aabn | a|a d

040 ## - CATALOGING SOURCE

  • Original cataloging agency: NUST
  • Transcribing agency: NUST

100 ## - HEADING--PERSONAL NAME

  • Personal name: Bahm, L. B

670 ## - SOURCE DATA FOUND

  • Source citation: Work cat.: (NUST): Bahm, L. B., The new trigonometry on your own,, 1964.
© 2023 Central Library, National University of Sciences and Technology. All Rights Reserved.